| 000 | 00648nam a2200253Ia 4500 | ||
|---|---|---|---|
| 003 | 0100 | ||
| 008 | 130303s9999 xx 000 0 und d | ||
| 020 | _a082648462X | ||
| 040 | _cARRUPELIB | ||
| 050 | _aB3248.G34L39 | ||
| 100 | _aLawn, Chris | ||
| 245 | _aGadamer | ||
| 245 | _ba guide for the perplexed | ||
| 260 | _aLondon | ||
| 260 | _bcontinuum | ||
| 260 | _C2006 | ||
| 300 | _aix | ||
| 300 | _b 164p. 22cm | ||
| 440 | _aThe guides for the perplexed series | ||
| 650 | _bGlobalization - Moral aspects | ||
| 650 | _cClimatic changes - Moral aspects | ||
| 650 | _dForeign trade Regulation - Moral aspects | ||
| 942 |
_2lcc _01 |
||
| 999 |
_c62900 _d62900 |
||